000 02776cam a2200301 4500500
005 20251228072255.0
041 _afre
042 _adc
100 1 0 _aBourassa, Chantal
_eauthor
700 1 0 _aTurcotte, Pierre
_eauthor
700 1 0 _aLessard, Geneviève
_eauthor
700 1 0 _aLabarre, Michel
_eauthor
245 0 0 _aLa paternité en contexte de violence conjugale
260 _c2013.
500 _a77
520 _aCet article présente les résultats d’une étude qualitative menée auprès de vingt-deux pères participant à une thérapie de groupe pour violence conjugale. Cette étude avait pour but de comprendre les expériences paternelles de ces hommes et les éléments qui influencent leur paternité. Dans le cadre des entrevues individuelles semi-dirigées, les pères ont été très éloquents quant aux effets de leur violence sur leur paternité, mais ils ont aussi parlé des divers changements qu’ils ont réalisés, sur le plan de leurs comportements et attitudes depuis qu’ils ont entamé leur démarche d’aide. Les résultats de l’étude révèlent qu’il y a des raisons d’être concerné par rapport aux pratiques paternelles de ces hommes. Les résultats font également apparaître l’importance d’adopter une analyse dynamique et évolutive de la paternité des hommes reconnaissant ainsi qu’ils sont en processus de changement.
520 _aFathering in the context of domestic violenceThis article presents the results of a qualitative study in which twenty-two fathers, participating in a group therapy for men who have used violence against their partner, took part. The aim of the study was to understand the fathering experiences of those men and the elements which influence their paternity. During the individual semi-structured interviews, the fathers were very open when talking about the effects of their violence on their paternity, but they also talked about the many changes they have undertaken in their lives since they started their therapy. Our study reveals that there are reasons to be preoccupied with the fathering practices of those men. However, the fathers can change overtime as a result of their therapy and may desire to re-establish their relationship with their children.
690 _apère
690 _athérapie de groupe
690 _aviolence domestique
690 _aviolence en milieu familial
690 _adomestic violence
690 _afathers
690 _agroup therapy
690 _aviolence in family context
786 0 _nRevue internationale de l'éducation familiale | 33 | 1 | 2013-11-01 | p. 149-167 | 1279-7766
856 4 1 _uhttps://shs.cairn.info/revue-la-revue-internationale-de-l-education-familiale-2013-1-page-149?lang=fr&redirect-ssocas=7080
999 _c1593658
_d1593658